| 000 | 01013nam a2200241 i 4500 | ||
|---|---|---|---|
| 001 | 161710 | ||
| 003 | ES-MaACL | ||
| 005 | 20230906212338.0 | ||
| 008 | 960315s1888 sp a |||| | spa d | ||
| 040 |
_aCLM _bspa _cCLM |
||
| 100 | 1 |
_aPequeño, Diego. _9130978 |
|
| 245 | 1 | 0 |
_aCartilla vinícola / _cpor Diego Pequeño. |
| 250 | _aEdición oficial. | ||
| 260 |
_aMadrid : _bMinisterio de Fomento, _c1888 ( _fTipo-litografía L. Peant é hijos) |
||
| 300 |
_a161 p., [1] h. pleg., VIII h. de lam., [4] p. ; _c20 cm. |
||
| 500 | _aObra premiada con el Primer Premio en concurso público abierto por el Ministerio de Fomento. | ||
| 530 | _aDisponible en formato digital. | ||
| 597 | _aAntep. | ||
| 599 | _aLas h. de lam.: "Lit. L. Péant é hijos. Madrid" | ||
| 650 | 4 |
_aVinificación. _9156738 |
|
| 852 |
_aES-MaACL _jT-943-F-1 _z-- Enc. hol. conservando la cub. original _z.- Donat. Ministerio de Fomento |
||
| 856 |
_uhttp://bdh-rd.bne.es/viewer.vm?id=0000125345&page=1 _zBiblioteca Digital Hispánica |
||
| 999 |
_c161710 _d161710 |
||